00379nam a2200157Ia 45000010006000000050017000060080041000230410008000640820015000721000023000872450057001102600009001673000029001766500008002056540008002131405320260306164846.0260306t2005||||xx |||||||||||||| ||spa|| aESP a006.3bM63 aMirkin, BoriseAUT 0aClustering for data minig:ba data recovery approach c2005 axxiii, 266 páginas :c aGEN aCCC